<?xml version="1.0" encoding="UTF-8"?>
<record
    xmlns:xsi="http://www.w3.org/2001/XMLSchema-instance"
    xsi:schemaLocation="http://www.loc.gov/MARC21/slim http://www.loc.gov/standards/marcxml/schema/MARC21slim.xsd"
    xmlns="http://www.loc.gov/MARC21/slim">

  <leader>02130cam a2200505   4500</leader>
  <controlfield tag="001">532667</controlfield>
  <controlfield tag="003">ItRFAO</controlfield>
  <controlfield tag="008">101116t2010    xxu|||||  ||| 00| 0     d</controlfield>
  <datafield tag="040" ind1=" " ind2=" ">
    <subfield code="a">ItRFAO</subfield>
  </datafield>
  <datafield tag="084" ind1=" " ind2=" ">
    <subfield code="a">S238 195</subfield>
  </datafield>
  <datafield tag="088" ind1=" " ind2=" ">
    <subfield code="a">FAO--GCP/INT/059/ITA</subfield>
  </datafield>
  <datafield tag="110" ind1=" " ind2=" ">
    <subfield code="a">FAO, Rome (Italy). Forest Management Div.</subfield>
    <subfield code="l">eng</subfield>
    <subfield code="9">1040</subfield>
  </datafield>
  <datafield tag="242" ind1=" " ind2=" ">
    <subfield code="a">International Workshop "Improve the contribution of Poplars and Willows in meeting sustainable livelihoods and land-use in selected Mediterranean and Central Asian countries". Izmit, Turkey, 27-31 July 2009</subfield>
  </datafield>
  <datafield tag="245" ind1=" " ind2=" ">
    <subfield code="a">&#x41C;&#x435;&#x436;&#x434;&#x443;&#x43D;&#x430;&#x440;&#x43E;&#x434;&#x43D;&#x44B;&#x439; &#x421;&#x435;&#x43C;&#x438;&#x43D;&#x430;&#x440; &#x201C;&#x423;&#x43B;&#x443;&#x447;&#x448;&#x435;&#x43D;&#x438;&#x435; &#x432;&#x43A;&#x43B;&#x430;&#x434;&#x430; &#x442;&#x43E;&#x43F;&#x43E;&#x43B;&#x435;&#x439; &#x438; &#x438;&#x432; &#x434;&#x43B;&#x44F; &#x434;&#x43E;&#x441;&#x442;&#x438;&#x436;&#x435;&#x43D;&#x438;&#x44F; &#x443;&#x441;&#x442;&#x43E;&#x439;&#x447;&#x438;&#x432;&#x43E;&#x433;&#x43E; &#x436;&#x438;&#x437;&#x43D;&#x435;&#x43D;&#x43D;&#x43E;&#x433;&#x43E; &#x431;&#x43B;&#x430;&#x433;&#x43E;&#x43F;&#x43E;&#x43B;&#x443;&#x447;&#x438;&#x44F; &#x438; &#x437;&#x435;&#x43C;&#x43B;&#x435;&#x43F;&#x43E;&#x43B;&#x44C;&#x437;&#x43E;&#x432;&#x430;&#x43D;&#x438;&#x44F; &#x432; &#x43E;&#x442;&#x43E;&#x431;&#x440;&#x430;&#x43D;&#x43D;&#x44B;&#x445; &#x441;&#x442;&#x440;&#x430;&#x43D;&#x430;&#x445; &#x421;&#x440;&#x435;&#x434;&#x438;&#x437;&#x435;&#x43C;&#x43D;&#x43E;&#x43C;&#x43E;&#x440;&#x44C;&#x44F; &#x438; &#x421;&#x440;&#x435;&#x434;&#x43D;&#x435;&#x439; &#x410;&#x437;&#x438;&#x438; &#x201D;</subfield>
  </datafield>
  <datafield tag="246" ind1="3" ind2="5">
    <subfield code="a">FAO Project GCP/INT/059/ITA</subfield>
  </datafield>
  <datafield tag="260" ind1=" " ind2=" ">
    <subfield code="a">Rome (Italy)</subfield>
    <subfield code="b">FAO</subfield>
    <subfield code="c">2010</subfield>
  </datafield>
  <datafield tag="300" ind1=" " ind2=" ">
    <subfield code="a">184 p.</subfield>
    <subfield code="b">diagrs., illus., tables</subfield>
  </datafield>
  <datafield tag="546" ind1=" " ind2=" ">
    <subfield code="a">Russian</subfield>
  </datafield>
  <datafield tag="650" ind1="1" ind2="7">
    <subfield code="2">agrovoc</subfield>
    <subfield code="a">POPULUS</subfield>
  </datafield>
  <datafield tag="650" ind1="1" ind2="7">
    <subfield code="2">agrovoc</subfield>
    <subfield code="a">SALIX</subfield>
  </datafield>
  <datafield tag="650" ind1="1" ind2="7">
    <subfield code="2">agrovoc</subfield>
    <subfield code="a">SUSTAINABILITY</subfield>
    <subfield code="9">1043</subfield>
  </datafield>
  <datafield tag="650" ind1="1" ind2="7">
    <subfield code="2">agrovoc</subfield>
    <subfield code="a">FOREST MANAGEMENT</subfield>
    <subfield code="9">1044</subfield>
  </datafield>
  <datafield tag="650" ind1="1" ind2="7">
    <subfield code="2">agrovocf</subfield>
    <subfield code="a">POPULUS</subfield>
  </datafield>
  <datafield tag="650" ind1="1" ind2="7">
    <subfield code="2">agrovocf</subfield>
    <subfield code="a">SALIX</subfield>
  </datafield>
  <datafield tag="650" ind1="1" ind2="7">
    <subfield code="2">agrovocf</subfield>
    <subfield code="a">DURABILITE</subfield>
    <subfield code="9">1047</subfield>
  </datafield>
  <datafield tag="650" ind1="1" ind2="7">
    <subfield code="2">agrovocf</subfield>
    <subfield code="a">AMENAGEMENT FORESTIER</subfield>
    <subfield code="9">1048</subfield>
  </datafield>
  <datafield tag="650" ind1="1" ind2="7">
    <subfield code="2">agrovocs</subfield>
    <subfield code="a">POPULUS</subfield>
  </datafield>
  <datafield tag="650" ind1="1" ind2="7">
    <subfield code="2">agrovocs</subfield>
    <subfield code="a">SALIX</subfield>
  </datafield>
  <datafield tag="650" ind1="1" ind2="7">
    <subfield code="2">agrovocs</subfield>
    <subfield code="a">SOSTENIBILIDAD</subfield>
    <subfield code="9">1051</subfield>
  </datafield>
  <datafield tag="650" ind1="1" ind2="7">
    <subfield code="2">agrovocs</subfield>
    <subfield code="a">ORDENACION FORESTAL</subfield>
    <subfield code="9">1052</subfield>
  </datafield>
  <datafield tag="651" ind1=" " ind2="7">
    <subfield code="2">agrovoc</subfield>
    <subfield code="a">MEDITERRANEAN REGION</subfield>
    <subfield code="9">1053</subfield>
  </datafield>
  <datafield tag="651" ind1=" " ind2="7">
    <subfield code="2">agrovoc</subfield>
    <subfield code="a">CENTRAL ASIA</subfield>
    <subfield code="9">1054</subfield>
  </datafield>
  <datafield tag="651" ind1=" " ind2="7">
    <subfield code="2">agrovocf</subfield>
    <subfield code="a">REGION MEDITERRANEENNE</subfield>
    <subfield code="9">1055</subfield>
  </datafield>
  <datafield tag="651" ind1=" " ind2="7">
    <subfield code="2">agrovocf</subfield>
    <subfield code="a">ASIE CENTRALE</subfield>
    <subfield code="9">1056</subfield>
  </datafield>
  <datafield tag="651" ind1=" " ind2="7">
    <subfield code="2">agrovocs</subfield>
    <subfield code="a">REGION MEDITERRANEA</subfield>
    <subfield code="9">1057</subfield>
  </datafield>
  <datafield tag="651" ind1=" " ind2="7">
    <subfield code="2">agrovocs</subfield>
    <subfield code="a">ASIA CENTRAL</subfield>
    <subfield code="9">1058</subfield>
  </datafield>
  <datafield tag="690" ind1=" " ind2="7">
    <subfield code="2">agrissce</subfield>
    <subfield code="a">K10-Forestry production</subfield>
  </datafield>
  <datafield tag="775" ind1=" " ind2=" ">
    <subfield code="e">eng</subfield>
    <subfield code="o">440303</subfield>
  </datafield>
  <datafield tag="830" ind1=" " ind2=" ">
    <subfield code="l">eng</subfield>
    <subfield code="v">no. IPC/10</subfield>
    <subfield code="a">International Poplar Commission Working Paper (FAO)</subfield>
  </datafield>
  <datafield tag="856" ind1=" " ind2=" ">
    <subfield code="u">http://www.fao.org/docrep/013/k6000r/k6000r00.pdf</subfield>
  </datafield>
  <datafield tag="942" ind1=" " ind2=" ">
    <subfield code="n">1</subfield>
    <subfield code="2">ddc</subfield>
    <subfield code="c">BK</subfield>
  </datafield>
  <datafield tag="999" ind1=" " ind2=" ">
    <subfield code="c">232</subfield>
    <subfield code="d">232</subfield>
  </datafield>
  <datafield tag="952" ind1=" " ind2=" ">
    <subfield code="0">0</subfield>
    <subfield code="1">0</subfield>
    <subfield code="4">0</subfield>
    <subfield code="7">0</subfield>
    <subfield code="8">REF</subfield>
    <subfield code="a">FPL</subfield>
    <subfield code="b">FPL</subfield>
    <subfield code="c">GEN</subfield>
    <subfield code="d">2014-09-04</subfield>
    <subfield code="p">39999000010091</subfield>
    <subfield code="r">2014-09-04 00:00:00</subfield>
    <subfield code="w">2014-09-04</subfield>
    <subfield code="y">BK</subfield>
  </datafield>
</record>
